Holiday by Snow Globe Quiz Stats

 Plays Quiz Updated Dec 20, 2017

Score 0/16 Timer 04:00
5 Plays Today
Holiday % Correct
Christmas
99.7%
Mother's Day
97.3%
Halloween
96.9%
Valentine's Day
96.1%
Easter
95.4%
Saint Patrick's Day
92.6%
American Independence Day
91.7%
Thanksgiving
89.2%
Holiday % Correct
Presidents' Day
88.7%
Groundhog Day
82.5%
Hanukkah
80.9%
Día de Muertos
79.4%
Chinese New Year
78.4%
Mardi Gras
77.2%
Talk Like a Pirate Day
73%
Kwanzaa
62.9%

You're not logged in!

Compare scores with friends on all Sporcle quizzes.
OR
Log In

You Might Also Like...

Show Comments

Extras

Top Quizzes Today


Score Distribution

Your Account Isn't Verified!

In order to create a playlist on Sporcle, you need to verify the email address you used during registration. Go to your Sporcle Settings to finish the process.

Report this User

Report this user for behavior that violates our Community Guidelines.

Details: